Expressed emotion in families : (Record no. 1138)
[ view plain ]
| 000 -LEADER | |
|---|---|
| fixed length control field | 00807nam a22002778a 4500 |
| 005 - DATE AND TIME OF LATEST TRANSACTION | |
| control field | 20260322212048.0 |
| 008 - FIXED-LENGTH DATA ELEMENTS--GENERAL INFORMATION | |
| fixed length control field | data |
| 010 ## - LIBRARY OF CONGRESS CONTROL NUMBER | |
| LC control number | 84000549 |
| 020 ## - INTERNATIONAL STANDARD BOOK NUMBER | |
| International Standard Book Number | 0898620589 |
| 020 ## - INTERNATIONAL STANDARD BOOK NUMBER | |
| International Standard Book Number | 9780898620580 |
| 040 ## - CATALOGING SOURCE | |
| Modifying agency | CtY-M |
| -- | CtY-M |
| 050 0# - LIBRARY OF CONGRESS CALL NUMBER | |
| Classification number | RC514 |
| Item number | .L37 1984 |
| 096 ## - LOCALLY ASSIGNED NLM-TYPE CALL NUMBER (OCLC) | |
| Classification number | WM 203 L493e 1985 |
| 001 - CONTROL NUMBER | |
| control field | data |
| 100 1# - MAIN ENTRY--PERSONAL NAME | |
| Personal name | Leff, Julian P. |
| 245 10 - TITLE STATEMENT | |
| Title | Expressed emotion in families : |
| Remainder of title | its significance for mental illness / |
| Statement of responsibility, etc. | by Julian Leff, Christine Vaughn. |
| 260 0# - PUBLICATION, DISTRIBUTION, ETC. | |
| Place of publication, distribution, etc. | New York : |
| Name of publisher, distributor, etc. | Guilford Press, |
| Date of publication, distribution, etc. | c1985. |
| 263 ## - PROJECTED PUBLICATION DATE | |
| Projected publication date | 8409 |
| 300 ## - PHYSICAL DESCRIPTION | |
| Extent | ix, 241 p. ; |
| Dimensions | 24 cm. |
| 504 ## - BIBLIOGRAPHY, ETC. NOTE | |
| Bibliography, etc. note | Includes bibliographical references. |
| 590 ## - LOCAL NOTE (RLIN) | |
| Local note | Bibliography: p. 227-232. |
| 590 ## - LOCAL NOTE (RLIN) | |
| Local note | Includes indexes. |
| 650 #0 - SUBJECT ADDED ENTRY--TOPICAL TERM | |
| Topical term or geographic name entry element | Schizophrenics |
| General subdivision | Family relationships. |
| 650 #0 - SUBJECT ADDED ENTRY--TOPICAL TERM | |
| Topical term or geographic name entry element | Expression. |
| 700 1# - ADDED ENTRY--PERSONAL NAME | |
| Personal name | Vaughn, Christine. |
| Withdrawn status | Lost status | Damaged status | Not for loan | Home library | Current library | Shelving location | Date acquired | Total checkouts | Full call number | Barcode | Date last seen | Price effective from | Koha item type |
|---|---|---|---|---|---|---|---|---|---|---|---|---|---|
| Riverside | Riverside | General stacks | 22/03/2026 | RC514 .L37 1984 | BC0011176 | 22/03/2026 | 22/03/2026 | Books |